[Event "HUN-chT2 Erkel 0405"]
[Site "Hungary"]
[Date "2005.04.24"]
[Round "11"]
[White "Bozsonyik, Adrian"]
[Black "Szoke, Peter"]
[Result "0-1"]
[WhiteElo "1501"]
[BlackElo "1493"]
[PlyCount "82"]
[EventDate "2004.09.26"]
[EventType "team"]
[EventRounds "11"]
[EventCountry "HUN"]
[SourceTitle "EXT 2009"]
[Source "ChessBase"]
[SourceDate "2008.11.26"]
[SourceVersion "1"]
[SourceVersionDate "2008.11.26"]
[SourceQuality "1"]
[WhiteTeam "Metroepszolg"]
[BlackTeam "Godollo"]
[WhiteTeamCountry "HUN"]
[BlackTeamCountry "HUN"]

1. d4 d5 2. c4 e6 3. Nc3 dxc4 4. e4 Bb4 5. Bxc4 Nf6 6. Bg5 h6 7. Bxf6 Qxf6 8. Nf3 Nc6 9. 0-0 0-0 10. Rc1 a6 11. Ne2 Rd8 12. e5 Qe7 13. a3 Ba5 14. Qd3 b5 15. Bxb5 axb5 16. Rxc6 Bb7 17. Rc5 Qxc5 18. b4 Bxb4 19. axb4 Qxb4 20. Rb1 Qa4 21. h3 Ba6 22. Qc3 Qc4 23. Qxc4 bxc4 24. Nc3 Rdb8 25. Rc1 Rb3 26. Nd2 Rb2 27. Nde4 Bb7 28. Nc5 Bc6 29. Kf1 Rd2 30. Ne2 Raa2 31. Re1 Bxg2+ 32. Kxg2 Rxe2 33. Rxe2 Rxe2 34. Kf3 Ra2 35. Ke3 Ra3+ 36. Kd2 Rxh3 37. Ne4 h5 38. Ng3 h4 39. Ne4 c3+ 40. Nxc3 Rxc3 41. Kxc3 h3 0-1

[Event "HUN-chT2 Erkel 0405"]
[Site "Hungary"]
[Date "2005.04.10"]
[Round "10"]
[White "Hera, Daniel"]
[Black "Bozsonyik, Adrian"]
[Result "1/2-1/2"]
[WhiteElo "1862"]
[BlackElo "1501"]
[PlyCount "104"]
[EventDate "2004.09.26"]
[EventType "team"]
[EventRounds "11"]
[EventCountry "HUN"]
[SourceTitle "EXT 2009"]
[Source "ChessBase"]
[SourceDate "2008.11.26"]
[SourceVersion "1"]
[SourceVersionDate "2008.11.26"]
[SourceQuality "1"]
[WhiteTeam "Penzugyor II"]
[BlackTeam "Metroepszolg"]
[WhiteTeamCountry "HUN"]
[BlackTeamCountry "HUN"]

1. e4 c5 2. d3 Nc6 3. Nf3 d6 4. g3 Nf6 5. Bg2 g6 6. 0-0 Bg7 7. Re1 Qc7 8. Nc3 a6 9. a4 0-0 10. Be3 Be6 11. Ng5 Bd7 12. Qc1 Ng4 13. Nf3 Nxe3 14. fxe3 f5 15. exf5 Bxf5 16. Qd2 Rf7 17. Ng5 Rff8 18. Nd5 Qd8 19. Nf4 Qd7 20. Bd5+ Kh8 21. e4 Bf6 22. Nf7+ Rxf7 23. Bxf7 Nd4 24. Rf1 Be6 25. Nxe6 Nxe6 26. Bxe6 Qxe6 27. c3 c4 28. Qe2 cxd3 29. Qxd3 Rb8 30. Qd5 Qxd5 31. exd5 b6 32. Rf3 Rc8 33. Rc1 Kg7 34. b3 a5 35. c4 Rc7 36. Re1 Bd4+ 37. Kg2 Bf6 38. h3 h6 39. Re6 Rd7 40. h4 Kf7 41. g4 Kg7 42. h5 g5 43. Rfe3 Kf7 44. Kf3 Kg7 45. Ke4 Kf8 46. Kf5 Kf7 47. Rxf6+ exf6 48. Re6 Kg7 49. Rxf6 Rf7 50. Rxf7+ Kxf7 51. Ke4 Kf6 52. Kd4 Ke7 1/2-1/2